00345nam a2200109Ia 4500008004100000020002200041041001200063100005900075245004800134260003200182650002100214231221s9999 xx 000 0 und d a978-1-4020-3304-9 aEnglish aRobert J.K. Jacob, Quentin Limbourg, Jean Vanderdonckt 0aComputer-Aided Design of User Interfaces IV c2005bSpringer USaNew York aComputer Science